000 00424pab a2200157 454500
008 180718b2013 xxu||||| |||| 00| 0 eng d
100 _aBijawal, Swati
245 _aThe juggling act: Managing work family conflicts and job satisfaction in academicians
260 _c2013
300 _ap.189-201.
362 _aOct
650 _aJob satisfaction
773 _aJournal of Human Values
908 _aN
909 _a101730
999 _c101728
_d101728